| 000 | 00459nam a22000977a 4500 | ||
|---|---|---|---|
| 082 |
_a346.73066 _bCOR |
||
| 245 |
_aCorporate Law Decisions [CLD] 2017: _bcases on companies, banking, arbitration, insurance, trade marks, intellectual property, monopoly control laws and environmental laws / _cEdited by Muhammad Anwar Khokhar & Muhammad Wahaj Azhar and Kashif Mir Zubair |
||
| 260 |
_aLahore : _bPLD Publishers, _c2017. |
||
| 300 | _avolumes | ||
| 942 |
_2ddc _cREF _s1 |
||
| 999 |
_c592017 _d592017 |
||